| Tag |
First Indicator |
Second Indicator |
Subfields |
| LEADER |
00000cas a2200000 4500 |
| 001 |
in00000734713 |
| 005 |
20151016081253.0 |
| 008 |
760504d19751998mauar1 i 0 a0eng |
| 010 |
|
|
|a 77640606
|z 76643954
|
| 016 |
7 |
|
|a B09260000
|2 DNLM
|
| 016 |
7 |
|
|a 7606088
|2 DNLM
|
| 022 |
0 |
|
|a 0360-2729
|
| 029 |
1 |
|
|a NLM
|b 7606088
|
| 035 |
|
|
|a (OCoLC)ocm02156492
|
| 035 |
|
|
|a (OCoLC)02156492
|
| 035 |
|
|
|9 ADG5072AM
|
| 040 |
|
|
|a NLM
|c NLM
|d NSD
|d DLC
|d NSD
|d OCL
|d NST
|d RCS
|d NST
|d HUL
|d OCL
|d GUA
|d DLC
|d UtOrBLW
|
| 042 |
|
|
|a nsdp
|a lc
|
| 049 |
|
|
|a TXAM
|
| 050 |
0 |
0 |
|a Z5051
|b .B5
|
| 060 |
0 |
0 |
|a ZW 3
|b C749
|
| 222 |
|
0 |
|a Bibliographic guide to conference publications
|
| 245 |
0 |
0 |
|a Bibliographic guide to conference publications.
|
| 264 |
|
1 |
|a Boston :
|b G.K. Hall.
|
| 300 |
|
|
|a volumes ;
|c 28 cm.
|
| 336 |
|
|
|a text
|b txt
|2 rdacontent
|
| 337 |
|
|
|a unmediated
|b n
|2 rdamedia
|
| 338 |
|
|
|a volume
|b nc
|2 rdacarrier
|
| 362 |
0 |
|
|a 1975-1998.
|
| 650 |
|
0 |
|a Congresses and conventions
|v Indexes
|v Periodicals.
|
| 780 |
0 |
0 |
|t Conference publications guide
|x 0091-7907
|w (DLC) 73019398
|w (OCoLC)1784401
|
| 785 |
0 |
0 |
|t G.K. Hall bibliographic guide to conference publications
|w (OCoLC)48689752
|w (DLC) 2005205245
|
| 850 |
|
|
|a CSf
|a CU-RivA
|a CaOONL
|a CaOTDL
|a CoU
|a DGW
|a DLC
|a FU
|a GEU
|a IEN
|a LU
|a MH
|a MH-CS
|a MiDW
|a MiEM
|a MnU
|a NNC
|a NcD
|a NcRS
|a NcU
|a NjR
|a OC
|a PPD
|a TxDaM
|a ViBlbV
|a ViU
|a ViW
|
| 891 |
2 |
0 |
|9 853
|8 1
|a (year)
|b v.
|u 2
|v r
|w a
|
| 891 |
4 |
1 |
|9 863
|8 1.1
|a <2000>
|b <1>
|
| 936 |
|
|
|a 1975
|
| 994 |
|
|
|a C0
|b TXA
|
| 999 |
|
|
|a MARS
|
| 999 |
f |
f |
|s a24a5cb7-cffa-3255-9ed9-7b62dea481c5
|i 85e84630-694a-302c-a449-fff94be30dec
|t 0
|
| 952 |
f |
f |
|p ric
|a Texas A&M University
|b Rellis Campus
|c Joint Library Facility
|d Remote Storage
|t 0
|e Z5051 .C65
|h Library of Congress classification
|i unmediated -- volume
|k 1975
|m A14808841936
|
| 952 |
f |
f |
|p ric
|a Texas A&M University
|b Rellis Campus
|c Joint Library Facility
|d Remote Storage
|t 0
|e Z5051 .C65
|h Library of Congress classification
|i unmediated -- volume
|k 1996:v.1:A-I
|m A14822192804
|
| 952 |
f |
f |
|p ric
|a Texas A&M University
|b Rellis Campus
|c Joint Library Facility
|d Remote Storage
|t 0
|e Z5051 .C65
|h Library of Congress classification
|i unmediated -- volume
|k 1986:v.1:A-K
|m A14809940199
|
| 952 |
f |
f |
|p ric
|a Texas A&M University
|b Rellis Campus
|c Joint Library Facility
|d Remote Storage
|t 0
|e Z5051 .C65
|h Library of Congress classification
|i unmediated -- volume
|k 1989:v.1:A-K
|m A14812306265
|
| 952 |
f |
f |
|p ric
|a Texas A&M University
|b Rellis Campus
|c Joint Library Facility
|d Remote Storage
|t 0
|e Z5051 .C65
|h Library of Congress classification
|i unmediated -- volume
|k 1979:v.1:A-K
|m A14808841570
|
| 952 |
f |
f |
|p ric
|a Texas A&M University
|b Rellis Campus
|c Joint Library Facility
|d Remote Storage
|t 0
|e Z5051 .C65
|h Library of Congress classification
|i unmediated -- volume
|k 1976:v.1:A-K
|m A14808841813
|
| 952 |
f |
f |
|p ric
|a Texas A&M University
|b Rellis Campus
|c Joint Library Facility
|d Remote Storage
|t 0
|e Z5051 .C65
|h Library of Congress classification
|i unmediated -- volume
|k 1982:v.1:A-K
|m A14808841994
|
| 952 |
f |
f |
|p ric
|a Texas A&M University
|b Rellis Campus
|c Joint Library Facility
|d Remote Storage
|t 0
|e Z5051 .C65
|h Library of Congress classification
|i unmediated -- volume
|k 1976:v.2:L-Z
|m A14808841871
|
| 952 |
f |
f |
|p ric
|a Texas A&M University
|b Rellis Campus
|c Joint Library Facility
|d Remote Storage
|t 0
|e Z5051 .C65
|h Library of Congress classification
|i unmediated -- volume
|k 1986:v.2:L-Z
|m A14809940204
|
| 952 |
f |
f |
|p ric
|a Texas A&M University
|b Rellis Campus
|c Joint Library Facility
|d Remote Storage
|t 0
|e Z5051 .C65
|h Library of Congress classification
|i unmediated -- volume
|k 1977:v.2:L-Z
|m A14808841693
|
| 952 |
f |
f |
|p ric
|a Texas A&M University
|b Rellis Campus
|c Joint Library Facility
|d Remote Storage
|t 0
|e Z5051 .C65
|h Library of Congress classification
|i unmediated -- volume
|k 1978:v.2:L-Z
|m A14808842178
|
| 952 |
f |
f |
|p ric
|a Texas A&M University
|b Rellis Campus
|c Joint Library Facility
|d Remote Storage
|t 0
|e Z5051 .C65
|h Library of Congress classification
|i unmediated -- volume
|k 1984:v.2:L-Z
|m A14808901485
|
| 952 |
f |
f |
|p ric
|a Texas A&M University
|b Rellis Campus
|c Joint Library Facility
|d Remote Storage
|t 0
|e Z5051 .C65
|h Library of Congress classification
|i unmediated -- volume
|k 1982:v.2:L-Z
|m A14808842055
|
| 952 |
f |
f |
|p ric
|a Texas A&M University
|b Rellis Campus
|c Joint Library Facility
|d Remote Storage
|t 0
|e Z5051 .C65
|h Library of Congress classification
|i unmediated -- volume
|k 1990:v.1:A-K
|m A14813474207
|
| 952 |
f |
f |
|p ric
|a Texas A&M University
|b Rellis Campus
|c Joint Library Facility
|d Remote Storage
|t 0
|e Z5051 .C65
|h Library of Congress classification
|i unmediated -- volume
|k 1978:v.1:A-K
|m A14808841635
|
| 952 |
f |
f |
|p ric
|a Texas A&M University
|b Rellis Campus
|c Joint Library Facility
|d Remote Storage
|t 0
|e Z5051 .C65
|h Library of Congress classification
|i unmediated -- volume
|k 1979:v.2:L-Z
|m A14808842110
|
| 952 |
f |
f |
|p ric
|a Texas A&M University
|b Rellis Campus
|c Joint Library Facility
|d Remote Storage
|t 0
|e Z5051 .C65
|h Library of Congress classification
|i unmediated -- volume
|k 1983:v.1:A-K
|m A14807624072
|
| 952 |
f |
f |
|p ric
|a Texas A&M University
|b Rellis Campus
|c Joint Library Facility
|d Remote Storage
|t 0
|e Z5051 .C65
|h Library of Congress classification
|i unmediated -- volume
|k 1987:v.1:A-K
|m A14811264795
|
| 952 |
f |
f |
|p ric
|a Texas A&M University
|b Rellis Campus
|c Joint Library Facility
|d Remote Storage
|t 0
|e Z5051 .C65
|h Library of Congress classification
|i unmediated -- volume
|k 1992:v.2:L-Z
|m A14816566087
|
| 952 |
f |
f |
|p ric
|a Texas A&M University
|b Rellis Campus
|c Joint Library Facility
|d Remote Storage
|t 0
|e Z5051 .C65
|h Library of Congress classification
|i unmediated -- volume
|k 1985:v.1:A-K
|m A14809214190
|
| 952 |
f |
f |
|p ric
|a Texas A&M University
|b Rellis Campus
|c Joint Library Facility
|d Remote Storage
|t 0
|e Z5051 .C65
|h Library of Congress classification
|i unmediated -- volume
|k 1997:v.2:K-Z
|m A14839456528
|
| 952 |
f |
f |
|p ric
|a Texas A&M University
|b Rellis Campus
|c Joint Library Facility
|d Remote Storage
|t 0
|e Z5051 .C65
|h Library of Congress classification
|i unmediated -- volume
|k 1977:v.1:A-K
|m A14808841758
|
| 952 |
f |
f |
|p ric
|a Texas A&M University
|b Rellis Campus
|c Joint Library Facility
|d Remote Storage
|t 0
|e Z5051 .C65
|h Library of Congress classification
|i unmediated -- volume
|k 1991:v.2:L-Z
|m A14815130346
|
| 952 |
f |
f |
|p ric
|a Texas A&M University
|b Rellis Campus
|c Joint Library Facility
|d Remote Storage
|t 0
|e Z5051 .C65
|h Library of Congress classification
|i unmediated -- volume
|k 1988:v.1:A-K
|m A14811264509
|
| 952 |
f |
f |
|p ric
|a Texas A&M University
|b Rellis Campus
|c Joint Library Facility
|d Remote Storage
|t 0
|e Z5051 .C65
|h Library of Congress classification
|i unmediated -- volume
|k 1980:v.1:A-K
|m A14808841562
|
| 952 |
f |
f |
|p ric
|a Texas A&M University
|b Rellis Campus
|c Joint Library Facility
|d Remote Storage
|t 0
|e Z5051 .C65
|h Library of Congress classification
|i unmediated -- volume
|k 1995:v.2:K-Z
|m A14820192060
|
| 952 |
f |
f |
|p ric
|a Texas A&M University
|b Rellis Campus
|c Joint Library Facility
|d Remote Storage
|t 0
|e Z5051 .C65
|h Library of Congress classification
|i unmediated -- volume
|k 1983:v.2:L-Z
|m A14807624064
|
| 952 |
f |
f |
|p ric
|a Texas A&M University
|b Rellis Campus
|c Joint Library Facility
|d Remote Storage
|t 0
|e Z5051 .C65
|h Library of Congress classification
|i unmediated -- volume
|k 1992:v.1:A-K
|m A14816566134
|
| 952 |
f |
f |
|p ric
|a Texas A&M University
|b Rellis Campus
|c Joint Library Facility
|d Remote Storage
|t 0
|e Z5051 .C65
|h Library of Congress classification
|i unmediated -- volume
|k 1989:v.2:L-Z
|m A14811323044
|
| 952 |
f |
f |
|p ric
|a Texas A&M University
|b Rellis Campus
|c Joint Library Facility
|d Remote Storage
|t 0
|e Z5051 .C65
|h Library of Congress classification
|i unmediated -- volume
|k 1993:v.1:A-K
|m A14817953203
|
| 952 |
f |
f |
|p ric
|a Texas A&M University
|b Rellis Campus
|c Joint Library Facility
|d Remote Storage
|t 0
|e Z5051 .C65
|h Library of Congress classification
|i unmediated -- volume
|k 1990:v.2:L-Z
|m A14813474605
|
| 952 |
f |
f |
|p ric
|a Texas A&M University
|b Rellis Campus
|c Joint Library Facility
|d Remote Storage
|t 0
|e Z5051 .C65
|h Library of Congress classification
|i unmediated -- volume
|k 1981:v.1:A-K
|m A14808841627
|
| 952 |
f |
f |
|p ric
|a Texas A&M University
|b Rellis Campus
|c Joint Library Facility
|d Remote Storage
|t 0
|e Z5051 .C65
|h Library of Congress classification
|i unmediated -- volume
|k 1980:v.2:L-Z
|m A14808842233
|
| 952 |
f |
f |
|p ric
|a Texas A&M University
|b Rellis Campus
|c Joint Library Facility
|d Remote Storage
|t 0
|e Z5051 .C65
|h Library of Congress classification
|i unmediated -- volume
|k 1996:v.2:J-Z
|m A14822192854
|
| 952 |
f |
f |
|p ric
|a Texas A&M University
|b Rellis Campus
|c Joint Library Facility
|d Remote Storage
|t 0
|e Z5051 .C65
|h Library of Congress classification
|i unmediated -- volume
|k 1995:v.1:A-J
|m A14820192052
|
| 952 |
f |
f |
|p ric
|a Texas A&M University
|b Rellis Campus
|c Joint Library Facility
|d Remote Storage
|t 0
|e Z5051 .C65
|h Library of Congress classification
|i unmediated -- volume
|k 1994:v.2:L-Z
|m A14819022765
|
| 952 |
f |
f |
|p ric
|a Texas A&M University
|b Rellis Campus
|c Joint Library Facility
|d Remote Storage
|t 0
|e Z5051 .C65
|h Library of Congress classification
|i unmediated -- volume
|k 1998:v.2:K-Z
|m A14824269194
|
| 952 |
f |
f |
|p ric
|a Texas A&M University
|b Rellis Campus
|c Joint Library Facility
|d Remote Storage
|t 0
|e Z5051 .C65
|h Library of Congress classification
|i unmediated -- volume
|k 1981:v.2:L-Z
|m A14808841685
|
| 952 |
f |
f |
|p ric
|a Texas A&M University
|b Rellis Campus
|c Joint Library Facility
|d Remote Storage
|t 0
|e Z5051 .C65
|h Library of Congress classification
|i unmediated -- volume
|k 1991:v.1:A-K
|m A14815130299
|
| 952 |
f |
f |
|p ric
|a Texas A&M University
|b Rellis Campus
|c Joint Library Facility
|d Remote Storage
|t 0
|e Z5051 .C65
|h Library of Congress classification
|i unmediated -- volume
|k 1988:v.2:L-Z
|m A14811264559
|
| 952 |
f |
f |
|p ric
|a Texas A&M University
|b Rellis Campus
|c Joint Library Facility
|d Remote Storage
|t 0
|e Z5051 .C65
|h Library of Congress classification
|i unmediated -- volume
|k 1985:v.2:L-Z
|m A14809214247
|
| 952 |
f |
f |
|p ric
|a Texas A&M University
|b Rellis Campus
|c Joint Library Facility
|d Remote Storage
|t 0
|e Z5051 .C65
|h Library of Congress classification
|i unmediated -- volume
|k 1994:v.1:A-K
|m A14819022715
|
| 952 |
f |
f |
|p ric
|a Texas A&M University
|b Rellis Campus
|c Joint Library Facility
|d Remote Storage
|t 0
|e Z5051 .C65
|h Library of Congress classification
|i unmediated -- volume
|k 1997:v.1:A-J
|m A14839456510
|
| 952 |
f |
f |
|p ric
|a Texas A&M University
|b Rellis Campus
|c Joint Library Facility
|d Remote Storage
|t 0
|e Z5051 .C65
|h Library of Congress classification
|i unmediated -- volume
|k 1998:v.1:A-J
|m A14824269144
|
| 952 |
f |
f |
|p ric
|a Texas A&M University
|b Rellis Campus
|c Joint Library Facility
|d Remote Storage
|t 0
|e Z5051 .C65
|h Library of Congress classification
|i unmediated -- volume
|k 1984:v.1:A-K
|m A14842790488
|
| 952 |
f |
f |
|p ric
|a Texas A&M University
|b Rellis Campus
|c Joint Library Facility
|d Remote Storage
|t 0
|e Z5051 .C65
|h Library of Congress classification
|i unmediated -- volume
|k 1993:v.2:L-Z
|m A14817953253
|
| 952 |
f |
f |
|p ric
|a Texas A&M University
|b Rellis Campus
|c Joint Library Facility
|d Remote Storage
|t 0
|e Z5051 .C65
|h Library of Congress classification
|i unmediated -- volume
|k 1987:v.2:L-Z
|m A14811264842
|
| 998 |
f |
f |
|a Z5051 .C65
|s 1975-1998
|t 0
|l Remote Storage
|